| 000 | 00667nam a22002537a 4500 | ||
|---|---|---|---|
| 001 | BR9505396 | ||
| 003 | BR-BrBNA | ||
| 005 | 20230928094537.0 | ||
| 007 | ta | ||
| 008 | 230509b bl.||||| |||| 00| 0 por d | ||
| 040 |
_aBR-BrBNA _bpor _cBiblioteca Nacional de Agricultura |
||
| 041 | _a(Por) | ||
| 072 |
_aS30 _b0100 _b9350 |
||
| 090 | _ 0100 BR9505396 | ||
| 110 | 1 |
_aSecretaria do Abastecimento, Sao Paulo, SP (Brasil) _99064 |
|
| 245 | 1 | _aCereais feculentos e derivados | |
| 260 | 3 |
_aSao Paulo, SP (Brasil): _c1986. |
|
| 300 | _a11 p. | ||
| 500 | _a5 ref. | ||
| 650 | _aCereal | ||
| 650 | _aFecula | ||
| 909 |
_a202309 _bLucia _c55 _dLucia Elande |
||
| 942 | _cBK | ||
| 999 |
_c51246 _d51246 |
||